Effects of polyamine biosynthetic inhibitors on somatic embryogenesis and cellular polyamines in Hevea brasiliensis (Record no. 58364)

MARC details
000 -LEADER
fixed length control field 00600nam a2200193Ia 4500
100 ## - MAIN ENTRY--AUTHOR NAME
Personal name El Hadrami Ismail
245 #0 - TITLE STATEMENT
Title Effects of polyamine biosynthetic inhibitors on somatic embryogenesis and cellular polyamines in Hevea brasiliensis
260 ## - PUBLICATION, DISTRIBUTION, ETC. (IMPRINT)
Name of publisher Journal of Plant Physiology
Year of publication 1992
300 ## - PHYSICAL DESCRIPTION
Number of Pages 33-36
500 ## - GENERAL NOTE
General note Source Year: 1992
650 ## - SUBJECT ADDED ENTRY--TOPICAL TERM
Topical Term Cellular polyamines
650 ## - SUBJECT ADDED ENTRY--TOPICAL TERM
Topical Term Hevea brasiliensis
650 ## - SUBJECT ADDED ENTRY--TOPICAL TERM
Topical Term Polyamine biosynthetic inhibitors
650 ## - SUBJECT ADDED ENTRY--TOPICAL TERM
Topical Term Somatic embryogenesis
700 ## - ADDED ENTRY--PERSONAL NAME
Personal name DAuzac
856 ## - ELECTRONIC LOCATION AND ACCESS
Uniform Resource Identifier BA
942 ## - ADDED ENTRY ELEMENTS (KOHA)
Koha item type Journals
Holdings
Withdrawn status Lost status Damaged status Not for loan Home library Current library Shelving location Date acquired Serial Enumeration / chronology Koha item type
      Journals RRII Library RRII Library Biotechnology 17/12/2021 Volume 140, Issue 1 Journals